000 00584nam a2200181Ia 4500
001 21061
003 GE_BSU
008 181216s||||||||xx |||||||||||||| ||und||
040 _cGE_BSU
245 _aბათუმელები №5 ივლისი. 2017
245 _cმთავ. რედ. ე. თურაძე. რედ. ნ. კვაჭაძე
260 _aბათუმი
260 _c2017
300 _a116 გვ. 28სმ.
653 _aბათუმელები №5 ივლისი. 2017
653 _aპერიოდიკა
942 _cCR
999 _c54010
_d54010